000 00366 a2200157 4500
001 154496
040 _cEscola São Tomás de Aquino
100 _aSILVA, Isaías
240 1 0 _aRedescobrindo o universo religioso
_lpor
245 1 0 _aRedescobrindo o universo religioso
300 _a70
362 0 _a2010
440 1 _aVozes
697 _aRELIGIÃO
942 _cBK
999 _c154496
_d154496